MARC

LEADER 00000nam0a2200000 4500
001 193270
005 20231031181826.0
035 |a (RuTPU)RU\TPU\book\210787 
090 |a 193270 
100 |a 20110322d1986 m y0rusy50 ca 
101 1 |a rus  |c eng 
102 |a RU 
105 |a a f 000zy 
200 1 |a Космическая техника  |e иллюстрированная энциклопедия  |e пер. с англ.  |f сост. К. Гэтланд 
210 |a Москва  |c Мир  |d 1986 
215 |a 296 с.  |c ил. 
600 1 |a Циолковский  |g Константин Эдуардович  |b К. Э.  |c русский ученый  |c изобретатель  |c основоположник современной космонавтики  |f 1857-1935  |2 stltpush  |3 (RuTPU)RU\TPU\pers\1304 
610 1 |a космонавтика 
610 1 |a космос 
610 1 |a космическое пространство 
610 1 |a полет в космос 
610 1 |a СССР 
610 1 |a космическая техника 
610 1 |a ракетная техника 
610 1 |a ракеты-носители 
610 1 |a Земля 
610 1 |a изучение 
610 1 |a Луна 
610 1 |a космические станции 
675 |a 629.78  |v 3 
702 1 |a Гэтланд  |b К.  |4 220 
801 1 |a RU  |b 63413507  |c 20110322 
801 2 |a RU  |b 63413507  |c 20170215  |g RCR 
942 |c BK